Ejecucin̤ de sentencias en el proceso administrativo iberoamericano (Espaą, Per,︢ Costa Rica, Colombia y Venezuela)

Bibliographic Details
Main Author: Torrealba Sǹchez, Miguel ℓngel
Format: eBook
Language:Spanish
Published: Madrid: Instituto Nacional de Administracin̤ Pb︢lica (INAP), 2017
Subjects:
Online Access:Acceso restringido

MARC

LEADER 00000nam a22000007a 4500
005 2018033108508.0
007 cr|||| ||||
008 180331s2017 es |||||s|||| 00||0 spa d
020 |a 978-84-7351-597-9 
035 |a 21270 
040 |a vLex 
090 |c 7605  |d 7605 
100 1 |a Torrealba Sǹchez, Miguel ℓngel 
245 1 0 |a Ejecucin̤ de sentencias en el proceso administrativo iberoamericano (Espaą, Per,︢ Costa Rica, Colombia y Venezuela)  |h [Recurso electrn̤ico] /  |c Miguel ℓngel Torrealba Sǹchez 
256 |a Servicio en ln̕ea 
260 |a Madrid:  |b Instituto Nacional de Administracin̤ Pb︢lica (INAP),  |c 2017 
300 |a 1 recurso electrn̤ico 
506 1 |a Disponible solo en los productos indicados  |d vLex Global  |d vLex Global (Academic Edition, excluding Law Schools)  |d vLex Global (U.S. Academic Edition, Law Schools)  |d vLex Global (U.S. Academic Edition, excluding Law Schools)  |d vLex Global (Academic Edition, Law Schools) 
650 0 4 |a Derecho Pb︢lico y Administrativo  |z Espaą 
650 0 4 |a Derecho Procesal  |z Espaą 
650 0 4 |a Procedimiento Contencioso-Administrativo  |z Espaą 
740 0 |a vLex Libros (Servicio en ln̕ea) 
856 4 0 |u http://vlex.com/source/ejecucion-de-sentencias-en-el-proceso-administrativo-iberoamericano-espa-a-peru-costa-rica-colombia-y-venezuela--21270  |z Acceso restringido 
942 |c BOOK 
999 0 |a Public and Administrative Law 
999 0 |a Procedural Law 
999 0 |a Contentious-Administrative Procedure